Music Quiz

Random Music or Country Music Quiz

'Jolene' Lyrics Quiz Stats

 Plays Quiz Updated Oct 7, 2016

Challenge
Share
Tweet
Embed
Score 0/201 Timer 10:00
5 Plays Today
% Correct
Jolene,
99.1%
Jolene,
99.1%
Jolene,
99.1%
Jolene,
99.1%
Jolene,
99.1%
Jolene,
99.1%
Jolene,
99.1%
Jolene,
99.1%
Jolene.
99.1%
Jolene.
99.1%
Jolene,
99.1%
Jolene,
99.1%
Jolene,
99.1%
Jolene,
99.1%
Jolene,
99.1%
Jolene,
99.1%
Jolene,
99.1%
Jolene,
99.1%
Jolene.
99.1%
Jolene.
99.1%
Jolene,
99.1%
Jolene,
99.1%
Jolene,
99.1%
Jolene,
99.1%
Jolene,
99.1%
Jolene,
99.1%
Jolene,
99.1%
Jolene,
99.1%
Jolene. (Jolene).
99.1%
Jolene.
99.1%
you,
95.9%
you
95.9%
you,
95.9%
you
95.9%
you,
95.9%
you
95.9%
You
95.9%
you,
95.9%
you,
95.9%
you
95.9%
you
95.9%
you
95.9%
you
95.9%
you
95.9%
I
95.6%
I
95.6%
I
95.6%
I
95.6%
I
95.6%
my
92.5%
my
92.5%
My
92.5%
my
92.5%
my
92.5%
a
91.5%
don't
91.4%
don't
91.4%
don't
91.4%
don't
91.4%
don't
91.4%
don't
91.4%
don't
91.4%
take
91%
take
91%
take
91%
take
91%
take
91%
% Correct
take
91%
take
91%
man.
90.8%
man.
90.8%
man.
90.8%
man,
90.8%
do
90%
do
90%
please
89.7%
Please
89.7%
please
89.7%
Please
89.7%
please
89.7%
Please
89.7%
can.
88.6%
can
88.6%
can.
88.6%
can.
88.6%
can
88.6%
him
85.8%
him
85.8%
him
85.8%
of
83%
of
83%
of
83%
of
83%
of
83%
of
83%
of
83%
I'm
82.1%
I'm
82.1%
I'm
82.1%
begging
80.6%
begging
80.6%
begging
80.6%
just
79.3%
just
79.3%
because
79.2%
because
79.2%
and
78.1%
And
78.1%
And
78.1%
And
78.1%
He
77.6%
he
77.6%
he
77.6%
the
77.5%
Your
77.4%
Your
77.4%
Your
77.4%
your
77.4%
your
77.4%
to
76%
to
76%
to
76%
to
76%
me
75%
me
75%
is
74.8%
is
74.8%
is
74.8%
hair,
70.7%
love
69.6%
with
69.4%
With
69.4%
with
69.4%
with
69.4%
% Correct
eyes
66.7%
on
65.7%
in
63.4%
what
63.1%
have
61.9%
have
61.9%
for
61.3%
know
60.8%
green.
60%
could
59.5%
could
59.5%
could
59.5%
But
59.4%
But
59.4%
even
58.1%
from
57.7%
auburn
57.6%
never
57.1%
though
57.1%
when
57.1%
his
57%
like
56.1%
like
56.1%
beauty
55.7%
compare
55%
emerald
54.4%
means
54.1%
beyond
54.1%
talk
54%
locks
53.9%
how
53.2%
this
52.8%
compete
52%
one
51.8%
men,
51.5%
only
51.5%
again,
51.2%
choice
50.5%
keep
50%
cannot
50%
skin
49.5%
He's
48.7%
name,
48.6%
sleep,
48.3%
about
47.4%
nothing
46.7%
had
46.1%
understand
46.1%
depends
45.8%
talks
45.6%
crying
45.5%
calls
45.2%
happiness
44.6%
easily
44.6%
easily
44.6%
flaming
44.4%
There's
44.4%
breath
44.1%
summer
43.8%
voice
43.6%
rain,
42.9%
soft
41.8%
spring,
41.8%
ivory
40.7%
decide
38%
smile
37.7%
whatever
37.7%

You're not logged in!

Compare scores with friends on all Sporcle quizzes.
Join for Free
OR
Log In

You Might Also Like...

Show Comments

Extras

Top Quizzes Today


Score Distribution

Your Account Isn't Verified!

In order to create a playlist on Sporcle, you need to verify the email address you used during registration. Go to your Sporcle Settings to finish the process.

Report this User

Report this user for behavior that violates our Community Guidelines.

Details: